Εκπαιδευτική πολιτική : η εκπαιδευτική πολιτική ως κοινωνική πολιτική ; επιστημολογικές, μεθοδολογικές όψεις και θεματικά πεδία

Saved in:
Bibliographic Details
Main Author: Παπαδάκης, Νίκος Ε.
Format: Book
Language:Greek
Published: Αθήνα : Ελληνικά Γράμματα, 2003.
Series:Θεωρία και πράξη της παιδείας
Subjects:
Tags: Add Tag
No Tags, Be the first to tag this record!

MARC

LEADER 00000cam a2200000 i 4500
001 1/46508
008 040112s2003 gr | ||| |||| ||gre||
020 |a 9604063103 
035 |l 10071912 
040 |a GR-MY-UA  |b gre  |e aacr 
041 0 |a gre 
082 7 |a 379.495   |2 (22) 
100 0 |a Παπαδάκης, Νίκος Ε. 
245 1 0 |a Εκπαιδευτική πολιτική :   |b η εκπαιδευτική πολιτική ως κοινωνική πολιτική ; επιστημολογικές, μεθοδολογικές όψεις και θεματικά πεδία /   |c Νίκος Ε. Παπαδάκης.  
260 |a Αθήνα :   |b Ελληνικά Γράμματα,   |c 2003.  
300 |a 308 σ. :   |b πίν. ;   |c 24 εκ.  
490 1 |a (Θεωρία και πράξη της παιδείας)  
504 |a Περιλαμβάνει βιβλιογραφικές παραπομπές.  
650 0 0 |a Education and state  |z Greece. 
650 0 0 |a Politics and education  |z Greece. 
830 0 |a Θεωρία και πράξη της παιδείας 
852 |a INST  |b RHODES  |e 20040511  |h 379.495 ΠΑΠ  |p 005400019169  |q 005400019169  |t BK  |y 0 
852 |a INST  |b RHODES  |e 20040112  |h 379.495 ΠΑΠ  |p 005400019721  |q 005400019721  |t BK  |y 0 
901 |a BIBL4-2004-1 
909 |a Ρ  |b 107137 
909 |a Ρ  |b 109348 
922 |a 4ΕΛΗ  |b 107137  |c ΕΠΕΑΕΚ2/ΤΕΠΑΕΣ  |d ΜΙΧΑΛΟΠΟΥΛΟΣ 
970 |a ΚΟΥΛΑΚΙΟΤΗ  |b ΛΙΤΣΑ  |z 2004/02/12